alpha sigma skibidi quiz - Statistics

General Stats
  • This quiz has been taken 51 times
  • The average score is 53 of 55
Answer Stats
Hint Answer % Correct
does sigma have gyat? yes
100%
does sigma have gyat? yes
100%
does sigma have gyat? yes
100%
does sigma have gyat? yes
100%
does sigma have gyat? yes
100%
does sigma have gyat? yes
100%
does sigma have gyat? yes
100%
does sigma have gyat? yes
100%
does sigma have gyat? yes
100%
does sigma have gyat? yes
100%
does sigma have gyat? yes
100%
does sigma have gyat? yes
100%
does sigma have gyat? yes
100%
does sigma have gyat? yes
100%
does sigma have gyat? yes
100%
does sigma have gyat? yes
100%
does sigma have gyat? yes
100%
does sigma have gyat? yes
100%
does sigma have gyat? yes
100%
does sigma have gyat? yes
100%
does sigma have gyat? yes
100%
does sigma have gyat? yes
100%
does sigma have gyat? yes
100%
does sigma have gyat? yes
98%
does sigma have gyat? yes
98%
does sigma have gyat? yes
98%
does sigma have gyat? yes
98%
does sigma have gyat? yes
98%
does sigma have gyat? yes
98%
does sigma have gyat? yes
98%
does sigma have gyat? yes
98%
does sigma have gyat? yes
98%
does sigma have gyat? yes
98%
does sigma have gyat? yes
98%
does sigma have gyat? yes
98%
does sigma have gyat? yes
98%
does sigma have gyat? yes
98%
does sigma have gyat? yes
98%
does sigma have gyat? yes
98%
does sigma have gyat? yes
98%
does sigma have gyat? yes
98%
does sigma have gyat? yes
98%
does sigma have gyat? yes
98%
does sigma have gyat? yes
98%
does sigma have gyat? yes
98%
does sigma have gyat? yes
98%
does sigma have gyat? yes
98%
does sigma have gyat? yes
98%
does sigma have gyat? yes
98%
does sigma have gyat? yes
98%
does sigma have gyat? yes
98%
does sigma have gyat? yes
95%
does sigma have gyat? yes
95%
does sigma have gyat? yes
95%
is da sigma beta? no
28%
No matching quizzes found
Score Distribution
Percent of People with Each Score
Percentile by Number Answered
Your Score History
You have not taken this quiz